[Event "Buenos Aires Masters op"]
[Site "Buenos Aires"]
[Date "2023.06.16"]
[Round "3"]
[White "Cidre, Valentino"]
[Black "Perelman, Hernan"]
[Result "0-1"]
[WhiteElo "1993"]
[BlackElo "2253"]
[PlyCount "122"]
[EventDate "2023.06.14"]
[EventType "swiss"]
[EventRounds "9"]
[EventCountry "ARG"]
[SourceTitle "CBM 215 Extra"]
[Source "ChessBase"]
[SourceDate "2023.09.30"]
[SourceVersion "1"]
[SourceVersionDate "2023.09.30"]
[SourceQuality "1"]

1. e4 e5 2. Nf3 d6 3. Bc4 Be7 4. d4 exd4 5. Nxd4 Nf6 6. Nc3 0-0 7. 0-0 c6 8. a4 a5 9. Re1 Na6 10. Qf3 Nb4 11. Bb3 Nd7 12. Re2 Bf6 13. Nf5 Ne5 14. Qg3 Bxf5 15. exf5 d5 16. Bf4 Nd7 17. Rae1 Qb6 18. Bd6 Rfc8 19. h3 h6 20. Be7 Re8 21. Qd6 Bxe7 22. Rxe7 Nf6 23. Rxe8+ Nxe8 24. Qf4 Nf6 25. Nb1 Nd3 26. cxd3 Qxb3 27. Qd4 Qb4 28. Qxb4 axb4 29. b3 Kf8 30. Nd2 c5 31. Nf3 b6 32. Kf1 Re8 33. Re3 Nd7 34. Ke2 f6 35. Rxe8+ Kxe8 36. Ke3 Nb8 37. Nd2 Nc6 38. Nf3 Ke7 39. g3 Kd6 40. g4 Na5 41. Nd2 Kc6 42. f3 b5 43. axb5+ Kxb5 44. Ke2 c4 45. dxc4+ dxc4 46. bxc4+ Nxc4 47. Ne4 b3 48. Kd3 Kb4 49. f4 Na3 50. Nd2 b2 51. Kd4 Nc4 52. Nb1 Nb6 53. Nd2 Ka3 54. Kc3 Ka2 55. Kc2 Nd5 56. h4 Nxf4 57. Nb1 Nd5 58. Nd2 Ne3+ 59. Kd3 Nxg4 60. Ke4 Ne5 61. h5 Nc4 0-1

[Event "Buenos Aires Carnival op"]
[Site "Buenos Aires"]
[Date "2023.02.21"]
[Round "7"]
[White "Cidre, Valentino"]
[Black "Montgomery, Eamon"]
[Result "0-1"]
[WhiteElo "1979"]
[BlackElo "1859"]
[PlyCount "56"]
[EventDate "2023.02.18"]
[EventType "swiss"]
[EventRounds "7"]
[EventCountry "ARG"]
[SourceTitle "EXT 2024"]
[Source "ChessBase"]
[SourceDate "2023.10.10"]
[SourceVersion "1"]
[SourceVersionDate "2023.10.10"]
[SourceQuality "1"]

1. e4 c5 2. Nf3 e6 3. d4 cxd4 4. Nxd4 a6 5. Bd3 Qc7 6. c4 Nf6 7. Nc3 d6 8. Qe2 b6 9. 0-0 Bb7 10. f4 Nbd7 11. g4 h5 12. g5 Qc5 13. Kg2 Qxd4 14. Nd5 Nxd5 15. exd5 Nc5 16. Bb1 b5 17. b3 Nxb3 18. axb3 Qxa1 19. Bb2 Qa5 20. g6 0-0-0 21. gxf7 exd5 22. cxb5 d4+ 23. Kg1 Qxb5 24. Bd3 Qd5 25. Bf5+ Qxf5 26. Rc1+ Kb8 27. Qe8 Qg6+ 28. Kf2 Rxe8 0-1

[Event "Buenos Aires Carnival op"]
[Site "Buenos Aires"]
[Date "2023.02.20"]
[Round "5"]
[White "Cidre, Valentino"]
[Black "Ocampos, Ian Guido"]
[Result "0-1"]
[WhiteElo "1979"]
[BlackElo "2201"]
[PlyCount "48"]
[EventDate "2023.02.18"]
[EventType "swiss"]
[EventRounds "7"]
[EventCountry "ARG"]
[SourceTitle "EXT 2024"]
[Source "ChessBase"]
[SourceDate "2023.10.10"]
[SourceVersion "1"]
[SourceVersionDate "2023.10.10"]
[SourceQuality "1"]

1. e4 c5 2. Nf3 a6 3. d4 cxd4 4. Nxd4 e5 5. Nf3 Nf6 6. Bc4 Qc7 7. Bb3 Bc5 8. 0-0 0-0 9. Nc3 d6 10. Nd5 Nxd5 11. Bxd5 Nc6 12. a4 Bg4 13. c3 Ne7 14. Bb3 d5 15. Bxd5 Nxd5 16. exd5 e4 17. h3 Bxf3 18. d6 Bxd1 19. dxc7 Bb3 20. Bf4 a5 21. Rfe1 Rfe8 22. c4 Rac8 23. Rac1 g5 24. Bg3 e3 0-1

[Event "South America-ch U16 16th"]
[Site "Buenos Aires"]
[Date "2019.12.02"]
[Round "2.2"]
[White "Vazquez, Facundo1111"]
[Black "Cidre, Valentino"]
[Result "1-0"]
[WhiteElo "2187"]
[BlackElo "1895"]
[PlyCount "108"]
[EventDate "2019.12.01"]
[EventType "swiss"]
[EventRounds "9"]
[EventCountry "ARG"]
[SourceTitle "EXT 2024"]
[Source "ChessBase"]
[SourceDate "2023.10.10"]
[SourceVersion "1"]
[SourceVersionDate "2023.10.10"]
[SourceQuality "1"]

1. d4 Nf6 2. c4 e6 3. Nf3 d5 4. cxd5 exd5 5. Nc3 c6 6. Qc2 Nbd7 7. Bg5 Be7 8. e3 h6 9. Bf4 0-0 10. h3 Re8 11. g4 Ne4 12. Bd3 Bb4 13. a3 Qa5 14. Bxe4 Rxe4 15. 0-0-0 Bxc3 16. Qxc3 Qxc3+ 17. bxc3 g5 18. Bg3 Nb6 19. Be5 Nc4 20. Nd2 Nxa3 21. Nxe4 dxe4 22. h4 Bxg4 23. hxg5 h5 24. Rdg1 Bf3 25. Rh4 Nc4 26. Bf6 Nb6 27. c4 Re8 28. Rf4 Nd7 29. g6 Nxf6 30. Rxf6 fxg6 31. Rfxg6+ Kh7 32. Rg7+ Kh8 33. Rxb7 Rg8 34. Rg3 Bg2 35. Rf7 h4 36. Rxg8+ Kxg8 37. Rf4 h3 38. Rh4 Kf7 39. Kb2 Kf6 40. Ka3 Kg5 41. Rh8 Bf1 42. Kb4 Kg4 43. d5 cxd5 44. cxd5 a6 45. d6 Bb5 46. Rg8+ Kf3 47. Rg3+ Kxf2 48. Rxh3 Bd7 49. Rh7 Bb5 50. d7 Bxd7 51. Rxd7 Kxe3 52. Kc3 a5 53. Ra7 Kf2 54. Rxa5 e3 1-0

[Event "Buenos Aires ProAm op 26th"]
[Site "Buenos Aires"]
[Date "2019.10.13"]
[Round "8"]
[White "Cidre, Valentino"]
[Black "Valli, Americo"]
[Result "0-1"]
[WhiteElo "1971"]
[BlackElo "1925"]
[PlyCount "102"]
[EventDate "2019.10.06"]
[EventType "team-swiss"]
[EventRounds "8"]
[EventCountry "ARG"]
[SourceTitle "CBM 192 Extra"]
[Source "Chessbase"]
[SourceDate "2019.11.06"]
[SourceVersion "1"]
[SourceVersionDate "2019.11.06"]
[SourceQuality "1"]

1. e4 c6 2. d4 g6 3. Be3 Bg7 4. c4 d5 5. Nc3 dxe4 6. Nxe4 Nf6 7. Nxf6+ Bxf6 8. Nf3 Bg4 9. Be2 Bxf3 10. Bxf3 Qa5+ 11. Bd2 Qc7 12. Bc3 Nd7 13. 0-0 0-0 14. Re1 Rad8 15. Qb3 Nb6 16. Rad1 Rd7 17. g3 Rfd8 18. Re4 Nc8 19. c5 Rd5 20. Ree1 Rf5 21. Be4 Rh5 22. Qc4 e6 23. b4 a6 24. a4 Ne7 25. Rb1 Nd5 26. Ba1 Rg5 27. Bg2 h5 28. Re4 Ne7 29. Bc3 Rgd5 30. b5 axb5 31. axb5 cxb5 32. Rxb5 R5d7 33. Ba5 Qc8 34. Bxd8 Qxd8 35. Rf4 Nc6 36. Bxc6 bxc6 37. Rb4 g5 38. Re4 g4 39. Qb3 Kg7 40. Rb8 Qa5 41. h3 Rxd4 42. Rb4 Qa1+ 43. Kg2 gxh3+ 44. Kh2 Qf1 45. Qf3 Rd3 46. Re1 Qxe1 47. Qxd3 Qxb4 48. Kxh3 Qxc5 49. Qe2 Qf5+ 50. Kg2 c5 51. Qc4 Qd5+ 0-1

[Event "Buenos Aires ProAm op 26th"]
[Site "Buenos Aires"]
[Date "2019.10.09"]
[Round "4"]
[White "Cidre, Valentino"]
[Black "Radoszta, Armando Esteban"]
[Result "0-1"]
[WhiteElo "1971"]
[BlackElo "1859"]
[PlyCount "78"]
[EventDate "2019.10.06"]
[EventType "team-swiss"]
[EventRounds "8"]
[EventCountry "ARG"]
[SourceTitle "CBM 192 Extra"]
[Source "Chessbase"]
[SourceDate "2019.11.06"]
[SourceVersion "1"]
[SourceVersionDate "2019.11.06"]
[SourceQuality "1"]

1. e4 c5 2. Nf3 Nc6 3. d4 cxd4 4. Nxd4 Nf6 5. Nc3 d6 6. Bg5 e6 7. Qd2 Be7 8. f4 0-0 9. 0-0-0 a6 10. Be2 Bd7 11. Nb3 Ne8 12. Bxe7 Qxe7 13. g4 b5 14. g5 b4 15. Na4 Ra7 16. Nb6 a5 17. e5 d5 18. Qe3 Nc7 19. Bd3 g6 20. h4 a4 21. Nc5 Bc8 22. Nbxa4 Ra5 23. h5 Na6 24. hxg6 fxg6 25. Bxa6 Bxa6 26. Qh3 Nd8 27. Rd4 Rf7 28. Rxb4 Rxc5 29. Nxc5 Qxc5 30. Rb8 Qc7 31. Ra8 Bb7 32. Ra3 Rxf4 33. Qh2 Rf7 34. Rh3 Nc6 35. Re1 Qe7 36. Qd2 Rf5 37. Rb3 Nxe5 38. Qe2 Qxg5+ 39. Kb1 Qe7 0-1

[Event "Buenos Aires ProAm op 26th"]
[Site "Buenos Aires"]
[Date "2019.10.07"]
[Round "2"]
[White "Cidre, Valentino"]
[Black "Nami, Ruben"]
[Result "1-0"]
[WhiteElo "1971"]
[BlackElo "1836"]
[PlyCount "113"]
[EventDate "2019.10.06"]
[EventType "team-swiss"]
[EventRounds "8"]
[EventCountry "ARG"]
[SourceTitle "CBM 192 Extra"]
[Source "Chessbase"]
[SourceDate "2019.11.06"]
[SourceVersion "1"]
[SourceVersionDate "2019.11.06"]
[SourceQuality "1"]

1. e4 e5 2. Nf3 Nc6 3. Bc4 Nf6 4. Ng5 d5 5. exd5 Na5 6. Bb5+ c6 7. dxc6 bxc6 8. Bd3 Bd6 9. 0-0 h6 10. Ne4 Nxe4 11. Bxe4 0-0 12. g3 Qb6 13. a3 Bh3 14. Bg2 Bxg2 15. Kxg2 f5 16. b4 Nb7 17. c4 Qd4 18. c5 Bc7 19. Qb3+ Rf7 20. Bb2 Qg4 21. Nc3 Re8 22. f3 Qg6 23. Rae1 Nd8 24. d4 Ne6 25. dxe5 Nf4+ 26. Kh1 Nd3 27. e6 Rfe7 28. Nd5 cxd5 29. Qxd3 Rd8 30. Qd4 Qh5 31. f4 Qg6 32. a4 Kh7 33. Bc3 h5 34. b5 Qg4 35. a5 h4 36. Kg2 Rde8 37. Qxd5 Rd8 38. Qf3 h3+ 39. Kg1 Qg6 40. b6 axb6 41. axb6 Bb8 42. c6 Bd6 43. c7 Bc5+ 44. Kh1 Rde8 45. Qc6 Bf2 46. Rxf2 Rxe6 47. Rxe6 Rxe6 48. Qd7 Rxb6 49. Rf1 Qc6+ 50. Qxc6 Rxc6 51. Be5 Rc2 52. Ra1 Kg6 53. Kg1 Kh5 54. Ra8 Rg2+ 55. Kf1 Rxh2 56. c8Q Kg4 57. Qc6 1-0

[Event "Buenos Aires ProAm op 26th"]
[Site "Buenos Aires"]
[Date "2019.10.06"]
[Round "1"]
[White "Flores, Diego"]
[Black "Cidre, Valentino"]
[Result "1-0"]
[WhiteElo "2606"]
[BlackElo "1971"]
[PlyCount "61"]
[EventDate "2019.10.06"]
[EventType "team-swiss"]
[EventRounds "8"]
[EventCountry "ARG"]
[SourceTitle "CBM 192 Extra"]
[Source "Chessbase"]
[SourceDate "2019.11.06"]
[SourceVersion "1"]
[SourceVersionDate "2019.11.06"]
[SourceQuality "1"]

1. c4 c5 2. Nc3 Nc6 3. Nf3 g6 4. e3 Bg7 5. d4 cxd4 6. exd4 d6 7. d5 Ne5 8. Nxe5 Bxe5 9. Be2 Bg7 10. 0-0 Nf6 11. Be3 0-0 12. Qd2 Bg4 13. Bxg4 Nxg4 14. Bd4 Qc8 15. Bxg7 Kxg7 16. Rae1 Ne5 17. b3 Re8 18. Re4 Qf5 19. Rfe1 g5 20. Nb5 Rg8 21. c5 g4 22. cxd6 Nf3+ 23. gxf3 gxf3 24. Kh1 Qh3 25. Qd4+ Kf8 26. dxe7+ Ke8 27. Nc7+ Kd7 28. Qa4+ Kd6 29. e8N+ Raxe8 30. Nxe8+ Rxe8 31. Qb4+ 1-0

[Event "ARG-ch U16"]
[Site "Buenos Aires"]
[Date "2019.03.03"]
[Round "6.4"]
[White "Cidre, Valentino"]
[Black "Ibarra, Juan Martin"]
[Result "1-0"]
[WhiteElo "1982"]
[BlackElo "1981"]
[PlyCount "183"]
[EventDate "2019.03.01"]
[EventType "swiss"]
[EventRounds "9"]
[EventCountry "ARG"]
[SourceTitle "EXT 2024"]
[Source "ChessBase"]
[SourceDate "2023.10.10"]
[SourceVersion "1"]
[SourceVersionDate "2023.10.10"]
[SourceQuality "1"]

1. e4 c6 2. d4 d5 3. Nc3 dxe4 4. Nxe4 Bf5 5. Ng3 Bg6 6. h4 h6 7. Nh3 Nf6 8. Bc4 e5 9. dxe5 Qa5+ 10. c3 Qxe5+ 11. Be3 Bc5 12. 0-0 Bxe3 13. Re1 0-0 14. Rxe3 Qc5 15. Bb3 Nbd7 16. Nf4 Bh7 17. Ngh5 Nxh5 18. Nxh5 Ne5 19. Qe2 Ng6 20. Rd1 Qf5 21. Rd4 Rad8 22. Ng3 Qb1+ 23. Kh2 Rxd4 24. cxd4 Nf4 25. Qf3 Nd5 26. Re2 Qc1 27. Bxd5 cxd5 28. Qxd5 Qf4 29. h5 Bd3 30. Re3 Ba6 31. Qe5 Qxe5 32. dxe5 Rd8 33. Ne4 Rd5 34. f4 Rb5 35. b3 Ra5 36. a4 b5 37. Nc5 b4 38. Nxa6 Rxa6 39. Re4 Rb6 40. Kg3 a5 41. Rc4 Rb7 42. Kf3 Rd7 43. Ke2 Rd5 44. Rc2 Kh7 45. Rc6 Kg8 46. Rd6 Rc5 47. g3 Kf8 48. Ke3 Ke7 49. Rd3 Rc1 50. Ke4 Rh1 51. g4 Rg1 52. Kf3 Rf1+ 53. Ke3 Rg1 54. Kf3 Rf1+ 55. Ke4 Rg1 56. Rd5 Rxg4 57. Rxa5 Rg3 58. Ra7+ Ke8 59. a5 Rxb3 60. a6 Ra3 61. Kd4 b3 62. Kc3 Ra1 63. Kxb3 Kf8 64. Ra8+ Ke7 65. a7 Ra6 66. Kc4 Ra5 67. Kd4 Ra4+ 68. Kd5 Ra5+ 69. Ke4 Ra6 70. Kf5 Ra4 71. Kg4 Ra6 72. f5 Ra4+ 73. Kf3 Ra3+ 74. Ke4 Ra4+ 75. Kd3 Ra3+ 76. Kc4 Ra4+ 77. Kb3 Ra6 78. f6+ gxf6 79. e6 Kxe6 80. Re8+ Kf5 81. a8Q Rxa8 82. Rxa8 Kg4 83. Kc3 Kxh5 84. Kd3 Kg4 85. Ke3 h5 86. Rg8+ Kh3 87. Kf3 h4 88. Rh8 f5 89. Rh7 f6 90. Rh8 f4 91. Rh7 f5 92. Rh8 1-0

[Event "Villa Ballester op 69th"]
[Site "Villa Ballester"]
[Date "2019.01.18"]
[Round "2"]
[White "Barrionuevo, Pablo"]
[Black "Cidre, Valentino"]
[Result "1-0"]
[WhiteElo "2272"]
[BlackElo "2004"]
[PlyCount "63"]
[EventDate "2019.01.16"]
[EventType "swiss"]
[EventRounds "9"]
[EventCountry "ARG"]
[SourceTitle "CBM 188 Extra"]
[Source "ChessBase"]
[SourceDate "2019.02.26"]
[SourceVersion "1"]
[SourceVersionDate "2019.02.26"]
[SourceQuality "1"]

1. c4 c6 2. e4 d5 3. exd5 cxd5 4. d4 g6 5. Nc3 dxc4 6. Bxc4 Nc6 7. Nf3 Bg7 8. Be3 Nf6 9. Ne5 0-0 10. h3 a6 11. a3 Qd6 12. f4 b5 13. Ba2 Bb7 14. 0-0 Rad8 15. Rf2 e6 16. Qe1 Ne7 17. Rd1 Ned5 18. Bxd5 Bxd5 19. Rc1 Rc8 20. Rfc2 Bb7 21. Qf2 Nd7 22. Ne4 Qd5 23. Nc5 Nxc5 24. dxc5 Bxe5 25. fxe5 Qxe5 26. c6 Ba8 27. Rc5 Qe4 28. c7 f5 29. Bd4 Bd5 30. Re1 Qd3 31. Rc3 Qxc3 32. Bxc3 1-0

[Event "Buenos Aires Szmetan Giardelli op"]
[Site "Buenos Aires"]
[Date "2018.12.05"]
[Round "2"]
[White "Garcia, Raimundo"]
[Black "Cidre, Valentino"]
[Result "1-0"]
[WhiteElo "2255"]
[BlackElo "1897"]
[PlyCount "109"]
[EventDate "2018.12.04"]
[EventType "swiss"]
[EventRounds "9"]
[EventCountry "ARG"]
[SourceTitle "CBM 187 Extra"]
[Source "ChessBase"]
[SourceDate "2018.11.04"]
[SourceVersion "1"]
[SourceVersionDate "2018.11.04"]
[SourceQuality "1"]

1. Nf3 Nf6 2. g3 g6 3. Bg2 Bg7 4. 0-0 0-0 5. c4 c6 6. Nc3 d5 7. cxd5 Nxd5 8. d4 Bf5 9. Nxd5 Qxd5 10. Ne5 Be4 11. Bxe4 Qxe4 12. f3 Qd5 13. e4 Qd8 14. Be3 c5 15. f4 cxd4 16. Bxd4 Qd6 17. Bc3 Qb6+ 18. Qd4 Qxd4+ 19. Bxd4 Nd7 20. Nf3 Bxd4+ 21. Nxd4 Nc5 22. e5 Rfd8 23. Rad1 Na4 24. Nb5 a6 25. Nc7 Rac8 26. Nd5 Kf8 27. b3 Nb2 28. Rd2 e6 29. Rb1 Rxd5 30. Rxd5 exd5 31. Rxb2 Ke7 32. Kf2 Rc3 33. Rd2 Ke6 34. Ke2 h5 35. Kf2 b5 36. Kg2 a5 37. Kh3 Rc5 38. Kh4 Kf5 39. Rd4 Rc2 40. h3 Ke6 41. Rd1 a4 42. bxa4 bxa4 43. Rb1 Rxa2 44. Rb6+ Ke7 45. Rb7+ Kf8 46. Kg5 a3 47. Kf6 Rb2 48. Rxf7+ Ke8 49. Ra7 Rb6+ 50. e6 Kd8 51. Kf7 Kc8 52. e7 Kb8 53. Rxa3 Rb7 54. Ke6 Rb6+ 55. Kxd5 1-0

[Event "ARG-chT"]
[Site "Villa Martelli"]
[Date "2018.07.07"]
[Round "1.2"]
[White "Cidre, Valentino"]
[Black "Bitelmajer, Martin"]
[Result "0-1"]
[WhiteElo "1866"]
[BlackElo "2450"]
[PlyCount "106"]
[EventDate "2018.07.07"]
[EventType "team-swiss"]
[EventRounds "9"]
[EventCountry "ARG"]
[SourceTitle "CBM 187 Extra"]
[Source "ChessBase"]
[SourceDate "2018.11.04"]
[SourceVersion "1"]
[SourceVersionDate "2018.11.04"]
[SourceQuality "1"]
[WhiteTeam "Mar del Plata"]
[BlackTeam "Boca Juniors"]
[WhiteTeamCountry "ARG"]
[BlackTeamCountry "ARG"]

1. e4 e5 2. Nf3 Nc6 3. Bc4 Bc5 4. c3 Nf6 5. d3 d6 6. 0-0 a6 7. Bb3 Ba7 8. h3 h6 9. Re1 0-0 10. Nbd2 Nh5 11. Nf1 Qf6 12. Be3 Ne7 13. d4 Nf4 14. Bxf4 Qxf4 15. Ne3 Qf6 16. dxe5 dxe5 17. Nd5 Qd6 18. Nb4 Qf6 19. Nd5 Nxd5 20. Bxd5 c6 21. Bb3 Bc5 22. Qe2 a5 23. a4 Be6 24. Bc4 Rad8 25. Rad1 Rfe8 26. b3 Bb6 27. Nd2 Bc8 28. Qf3 Qe7 29. Nf1 Be6 30. Nd2 Rd6 31. Qe2 Bxh3 32. gxh3 Qh4 33. Nf3 Qg3+ 34. Kh1 Qxh3+ 35. Nh2 Rf6 36. f3 Rg6 37. Rd2 Rf8 38. Qd1 Kh7 39. Qc2 Qg3 40. Qd1 Bf2 41. Rxf2 Qxf2 42. Rg1 Rd8 43. Qe1 Rxg1+ 44. Qxg1 Qxg1+ 45. Kxg1 f6 46. Nf1 Rd1 47. Kg2 Rc1 48. Ne3 Rxc3 49. Nf5 b5 50. axb5 cxb5 51. Bxb5 Rxb3 52. Bc4 Rb2+ 53. Kg3 a4 0-1

[Event "ARG-chT ART Semillero U21"]
[Site "Villa Martelli"]
[Date "2018.06.30"]
[Round "6.1"]
[White "Cidre, Valentino"]
[Black "Bellocchio, Franco"]
[Result "0-1"]
[WhiteElo "1840"]
[BlackElo "1759"]
[PlyCount "72"]
[EventDate "2018.06.02"]
[EventType "team-swiss"]
[EventRounds "6"]
[EventCountry "ARG"]
[SourceTitle "EXT 2019"]
[Source "ChessBase"]
[SourceDate "2018.10.10"]
[SourceVersion "1"]
[SourceVersionDate "2018.10.10"]
[SourceQuality "1"]
[WhiteTeam "Centro Univ CUV U21"]
[BlackTeam "Mar del Plata U21"]
[WhiteTeamCountry "ARG"]
[BlackTeamCountry "ARG"]

1. e4 Nc6 2. Nf3 d6 3. d4 Nf6 4. d5 Nb8 5. Bd3 Bg4 6. h3 Bxf3 7. Qxf3 Nbd7 8. c4 Ne5 9. Qe2 g6 10. b3 Bg7 11. Bb2 Nh5 12. 0-0 Nf4 13. Qd2 Nfxd3 14. f4 Nf3+ 15. gxf3 Bxb2 16. Nc3 Bxa1 17. Rxa1 Nc5 18. Qd4 Rg8 19. b4 Nd7 20. e5 g5 21. e6 fxe6 22. dxe6 gxf4+ 23. Kh2 Nf6 24. Nd5 c6 25. Nxf4 Qc7 26. Rc1 0-0-0 27. Qxa7 Qb8 28. Qd4 d5 29. Kh1 Ne4 30. Qe3 Ng3+ 31. Kh2 Nh5 32. cxd5 Qxf4+ 33. Qxf4 Nxf4 34. dxc6 Rg2+ 35. Kh1 bxc6 36. b5 Rdd2 0-1

[Event "ARG-chT ART Semillero U21"]
[Site "Villa Martelli"]
[Date "2018.06.02"]
[Round "1.1"]
[White "Acosta, Pablo Ismael"]
[Black "Cidre, Valentino"]
[Result "1-0"]
[WhiteElo "2432"]
[BlackElo "1840"]
[PlyCount "27"]
[EventDate "2018.06.02"]
[EventType "team-swiss"]
[EventRounds "6"]
[EventCountry "ARG"]
[SourceTitle "EXT 2019"]
[Source "ChessBase"]
[SourceDate "2018.10.10"]
[SourceVersion "1"]
[SourceVersionDate "2018.10.10"]
[SourceQuality "1"]
[WhiteTeam "Boca Juniors U21"]
[BlackTeam "Centro Univ CUV U21"]
[WhiteTeamCountry "ARG"]
[BlackTeamCountry "ARG"]

1. d4 d5 2. c4 c6 3. Nf3 Nf6 4. e3 e6 5. Nc3 Nbd7 6. Bd3 dxc4 7. Bxc4 b5 8. Bd3 Bb4 9. 0-0 a6 10. e4 c5 11. d5 Qb6 12. dxe6 fxe6 13. e5 Nd5 14. Ng5 1-0

[Event "Villa Ballester op 68th"]
[Site "Villa Ballester"]
[Date "2018.01.19"]
[Round "1.1"]
[White "Tristan, Leonardo"]
[Black "Cidre, Valentino"]
[Result "1-0"]
[WhiteElo "2458"]
[BlackElo "1909"]
[PlyCount "61"]
[EventDate "2018.01.19"]
[EventType "swiss"]
[EventRounds "9"]
[EventCountry "ARG"]
[SourceTitle "EXT 2024"]
[Source "ChessBase"]
[SourceDate "2023.10.10"]
[SourceVersion "1"]
[SourceVersionDate "2023.10.10"]
[SourceQuality "1"]

1. d4 d5 2. Bf4 Bg4 3. f3 Bf5 4. Nc3 Nf6 5. g4 Bg6 6. h4 h6 7. e3 e6 8. Bd3 Bxd3 9. Qxd3 a6 10. Nge2 c5 11. Ng3 cxd4 12. exd4 Bd6 13. Nce2 Nc6 14. 0-0-0 Bxf4+ 15. Nxf4 Qc7 16. Nge2 0-0-0 17. g5 Nd7 18. g6 Nb6 19. Rhg1 Rde8 20. gxf7 Qxf7 21. Qg6 Qxg6 22. Rxg6 Rhf8 23. Rxg7 e5 24. dxe5 Nxe5 25. a4 Rg8 26. Rxg8 Rxg8 27. a5 Nbd7 28. Nxd5 Rg2 29. Nef4 Rf2 30. Ne6 Rxf3 31. Nb6+ 1-0

[Event "ARG-chT"]
[Site "Villa Martelli"]
[Date "2017.08.05"]
[Round "1.1"]
[White "Perez Ponsa, Federico"]
[Black "Cidre, Valentino"]
[Result "1-0"]
[WhiteElo "2588"]
[BlackElo "1891"]
[PlyCount "63"]
[EventDate "2017.08.05"]
[EventType "team-swiss"]
[EventRounds "9"]
[EventCountry "ARG"]
[SourceTitle "CBM 180 Extra"]
[Source "ChessBase"]
[SourceDate "2017.10.06"]
[SourceVersion "1"]
[SourceVersionDate "2017.10.06"]
[SourceQuality "1"]
[WhiteTeam "Obras AySa"]
[BlackTeam "El Sanitarista 15 Mayo"]
[WhiteTeamCountry "ARG"]
[BlackTeamCountry "ARG"]

1. e4 c5 2. Nc3 d6 3. Nf3 Nc6 4. d4 cxd4 5. Nxd4 e5 6. Nf3 Be7 7. Bc4 Nf6 8. 0-0 a6 9. Bg5 Bg4 10. h3 Bh5 11. Be2 Bxf3 12. Bxf3 Nd4 13. Bxf6 Bxf6 14. Nd5 Be7 15. c3 Ne6 16. a4 0-0 17. a5 Nc7 18. Nb6 Rb8 19. Qa4 Na8 20. Nd5 Nc7 21. Ne3 Ne6 22. Rfd1 Nc5 23. Qa2 Re8 24. Rd5 Qc7 25. Rad1 b5 26. axb6 Rxb6 27. b4 Nb7 28. R5d3 Rc6 29. Nd5 Qb8 30. Bg4 Qd8 31. Qa4 Rc4 32. Qxa6 1-0

[Event "ARG-chT ART Semillero U21"]
[Site "Villa Martelli"]
[Date "2017.06.10"]
[Round "5"]
[White "Cidre, Valentino"]
[Black "Varacalli, Francisco"]
[Result "1/2-1/2"]
[WhiteElo "1626"]
[BlackElo "2312"]
[PlyCount "97"]
[EventDate "2017.05.13"]
[EventType "team-swiss"]
[EventRounds "7"]
[EventCountry "ARG"]
[SourceTitle "EXT 2018"]
[Source "ChessBase"]
[SourceDate "2017.10.13"]
[SourceVersion "1"]
[SourceVersionDate "2017.10.13"]
[SourceQuality "1"]
[WhiteTeam "Mar del Plata U21"]
[BlackTeam "Club Argentino U21"]
[WhiteTeamCountry "ARG"]
[BlackTeamCountry "ARG"]

1. e4 c5 2. Nf3 e6 3. d4 cxd4 4. Nxd4 a6 5. Be3 Nf6 6. Nd2 Qc7 7. Be2 d5 8. Bf3 e5 9. N4b3 Be6 10. exd5 Nxd5 11. Nf1 Nf6 12. Ng3 Nc6 13. c3 Rd8 14. Qe2 b5 15. 0-0 Be7 16. Rfd1 0-0 17. Rxd8 Rxd8 18. Rd1 Re8 19. Ne4 Bc4 20. Nxf6+ Bxf6 21. Qc2 Be6 22. Nc5 Bc8 23. Qe4 Ne7 24. Qa8 a5 25. Bg4 Kf8 26. Bxc8 Rxc8 27. Qe4 Kg8 28. Rd7 Rd8 29. Qd3 Rxd7 30. Qxd7 Qxd7 31. Nxd7 Nd5 32. Kf1 e4 33. Nc5 Be5 34. Nxe4 f5 35. Nd2 a4 36. Nf3 a3 37. bxa3 Bxc3 38. Bd4 Kf7 39. Bxc3 Nxc3 40. Nd4 Kf6 41. f4 g5 42. g3 h5 43. Ke1 h4 44. fxg5+ Kxg5 45. Nf3+ Kg4 46. Nxh4 Nxa2 47. Nxf5 Kxf5 48. Kd2 b4 49. axb4 1/2-1/2

[Event "ARG-ch U12 sf"]
[Site "Villaguay"]
[Date "2016.02.24"]
[Round "2.4"]
[White "Cidre, Valentino"]
[Black "Zandrino, Faustino"]
[Result "1/2-1/2"]
[WhiteElo "1525"]
[BlackElo "1314"]
[PlyCount "109"]
[EventDate "2016.02.23"]
[EventType "swiss"]
[EventRounds "8"]
[EventCountry "ARG"]
[SourceTitle "EXT 2024"]
[Source "ChessBase"]
[SourceDate "2023.10.10"]
[SourceVersion "1"]
[SourceVersionDate "2023.10.10"]
[SourceQuality "1"]

1. e4 e5 2. Nf3 Nc6 3. Nc3 Nf6 4. Bc4 Bc5 5. d3 d6 6. Bg5 Bg4 7. h3 Bh5 8. Nd5 h6 9. Bxf6 gxf6 10. g4 Bg6 11. Nh4 Nb4 12. Nxb4 Bxb4+ 13. c3 Bc5 14. a4 c6 15. a5 d5 16. Nxg6 fxg6 17. exd5 cxd5 18. Bb5+ Kf7 19. b4 Bd6 20. Qb3 Bc7 21. a6 b6 22. Bc6 Rb8 23. Qxd5+ Kg7 24. b5 Qd6 25. Qxd6 Bxd6 26. Bd5 Bc5 27. Ke2 Rbd8 28. Bc4 Rhe8 29. f3 f5 30. gxf5 gxf5 31. Raf1 f4 32. Rh2 Kf6 33. Rg2 Re7 34. Rh1 Rdd7 35. Rhh2 Rg7 36. Kf1 Be3 37. Rxg7 Rxg7 38. Rg2 Rxg2 39. Kxg2 Bd2 40. h4 Bxc3 41. Kh3 Be1 42. Kg4 Bg3 43. Bd5 Bf2 44. Be4 Bg3 45. h5 Bf2 46. Bc6 Bc5 47. Bd7 Bd4 48. Kh4 Bf2+ 49. Kh3 Bc5 50. Kg2 Ke7 51. Bc6 Bd6 52. Kf2 Bc7 53. Ke2 Bd8 54. Kd2 Kd6 55. Kc3 1/2-1/2

[Event "Santo Tome op Rapid"]
[Site "Santo Tome"]
[Date "2015.07.10"]
[Round "2.1"]
[White "Cidre, Valentino"]
[Black "Gatti, Carlos Eusebio"]
[Result "1/2-1/2"]
[WhiteElo "1960"]
[BlackElo "2017"]
[PlyCount "88"]
[EventDate "2015.07.10"]
[EventType "tourn (rapid)"]
[EventRounds "6"]
[EventCountry "ARG"]
[SourceTitle "EXT 2024"]
[Source "ChessBase"]
[SourceDate "2023.10.10"]
[SourceVersion "1"]
[SourceVersionDate "2023.10.10"]
[SourceQuality "1"]

1. d4 d5 2. c4 e6 3. Nc3 Nf6 4. Bg5 Be7 5. e3 Nbd7 6. cxd5 exd5 7. Bd3 c6 8. Qc2 0-0 9. Nf3 h6 10. Bf4 Re8 11. 0-0 a6 12. Rab1 Bb4 13. a3 Ba5 14. b4 Bc7 15. Bxc7 Qxc7 16. a4 Qd8 17. Rfc1 Ne4 18. Bxe4 dxe4 19. Nxe4 Nf6 20. Nxf6+ Qxf6 21. Qc5 Bf5 22. Rb2 Be4 23. Ne5 Rad8 24. f3 Bd5 25. Qc3 Qg5 26. e4 Be6 27. Rf1 f5 28. Kh1 h5 29. Qd2 Qf6 30. Re1 Bc8 31. Qc3 Be6 32. Rd2 h4 33. h3 Qg5 34. exf5 Qxf5 35. Rde2 Bd5 36. a5 Qg5 37. Qe3 Qf6 38. Kh2 Rf8 39. Ng4 Qd6+ 40. Qe5 Qxb4 41. Qg5 Qd6+ 42. Kh1 Rxf3 43. Nh6+ Kh7 44. Re5 Rf2 1/2-1/2